000 00949nam a2200277 i 4500
003 DO-SdBNP
005 20241113114911.0
007 ta
008 240612b2023 dr ac||| |||| 00| 0 spa d
020 _a9789945132212
040 _aDO-SdBNP
_bspa
_cBNPHU
_erda
082 4 _222
100 _aLeón Sandobal, Olivo de,
_eautor
_985650
245 1 0 _aOrganizaciones periodísticas y relaciones internacionales /
_cOlivo de León Sandobal ; prólogo, Rubén Silié
264 _aSanto Domingo :
_bMediabyte,
_c2023.
300 _avolumen :
_bilustraciones, retratos ;
_c23 cm.
336 _2rdacontent
_atexto
_btxt
337 _2rdamedia
_asin mediación
_bn
338 _2rdacarrier
_avolumen
_bnc
500 _aIncluye datos biográficos del autor en las solapas
500 _aLa biblioteca posee el volumen 1 y 2
590 _aInventariado, 2024/BT
700 1 _aSilié, Rubén,
_d1946-
_eprólogo
_91421
910 _aBtavárez
942 _2ddc
_cLBS1
999 _c56836
_d56836